[Event "Basel Swiss YM"]
[Site "Basel"]
[Date "2024.04.05"]
[Round "7"]
[White "Mattenberger, Matthias"]
[Black "Georgescu, Lena"]
[Result "1-0"]
[WhiteElo "2239"]
[BlackElo "2218"]
[PlyCount "83"]
[EventDate "2024.03.30"]
[EventType "tourn"]
[EventRounds "9"]
[EventCountry "SUI"]
[EventCategory "4"]
[SourceTitle "CB15_2024"]
[SourceDate "2024.04.10"]
[SourceVersion "1"]
[SourceVersionDate "2024.04.10"]
[SourceQuality "1"]

1. d4 Nf6 2. c4 e6 3. Nc3 Bb4 4. e3 0-0 5. Bd2 d5 6. Nf3 b6 7. cxd5 exd5 8. Bd3 Re8 9. 0-0 Ba6 10. Bxa6 Nxa6 11. Rc1 Bf8 12. Qa4 Qc8 13. a3 c5 14. Rfd1 Qb7 15. Be1 Nc7 16. Qc2 c4 17. Ne5 b5 18. f3 a5 19. Bh4 b4 20. Ne2 Qb6 21. Qf5 Qe6 22. Qg5 h6 23. Qg3 Nh5 24. Qf2 bxa3 25. bxa3 Bxa3 26. Ra1 Bb4 27. f4 Nf6 28. f5 Qd6 29. Qf3 Ne4 30. f6 Nxf6 31. Ng3 Qe6 32. Nf5 Ne4 33. Qg4 Bf8 34. Rf1 Ng5 35. Bxg5 hxg5 36. Qxg5 Qf6 37. Qh5 g6 38. Qg4 Ra6 39. Nh4 Qg7 40. Rxf7 Qxf7 41. Nxf7 Kxf7 42. Qf4+ 1-0

[Event "Basel Swiss YM"]
[Site "Basel"]
[Date "2024.04.03"]
[Round "5"]
[White "Fecker, Noah"]
[Black "Georgescu, Lena"]
[Result "1/2-1/2"]
[WhiteElo "2394"]
[BlackElo "2218"]
[PlyCount "67"]
[EventDate "2024.03.30"]
[EventType "tourn"]
[EventRounds "9"]
[EventCountry "SUI"]
[EventCategory "4"]
[SourceTitle "CB15_2024"]
[SourceDate "2024.04.10"]
[SourceVersion "1"]
[SourceVersionDate "2024.04.10"]
[SourceQuality "1"]

1. e4 e5 2. Nf3 Nc6 3. Bb5 Nf6 4. d3 Ne7 5. 0-0 c6 6. Ba4 Ng6 7. c3 Be7 8. Re1 0-0 9. d4 d5 10. dxe5 Nxe4 11. Nbd2 Nxd2 12. Bxd2 Be6 13. Nd4 Bg5 14. Bc2 c5 15. Nf5 Bxd2 16. Qxd2 f6 17. Ng3 fxe5 18. Bxg6 hxg6 19. Rxe5 Qf6 20. Rae1 Bf7 21. Re7 Qc6 22. f4 Rae8 23. Rxe8 Rxe8 24. Rxe8+ Qxe8 25. Kf2 Kf8 26. a3 b6 27. Ne2 Qe4 28. Ng1 g5 29. Kg3 gxf4+ 30. Qxf4 Qe1+ 31. Qf2 Qe5+ 32. Qf4 Qe1+ 33. Qf2 Qe5+ 34. Qf4 1/2-1/2

[Event "Basel Swiss YM"]
[Site "Basel"]
[Date "2024.04.01"]
[Round "3"]
[White "Georgescu, Lena"]
[Black "Hryzlova, Sofiia"]
[Result "1/2-1/2"]
[WhiteElo "2218"]
[BlackElo "2251"]
[PlyCount "98"]
[EventDate "2024.03.30"]
[EventType "tourn"]
[EventRounds "9"]
[EventCountry "SUI"]
[EventCategory "4"]
[SourceTitle "CB15_2024"]
[SourceDate "2024.04.10"]
[SourceVersion "1"]
[SourceVersionDate "2024.04.10"]
[SourceQuality "1"]

1. e4 e6 2. d4 d5 3. Nc3 Nf6 4. e5 Nfd7 5. f4 c5 6. Nf3 Nc6 7. Be3 a6 8. Ne2 Qb6 9. Qc1 Be7 10. c3 0-0 11. h4 f6 12. Rh3 Rf7 13. h5 h6 14. Qd2 a5 15. a4 Qc7 16. Qc2 Qb8 17. exf6 Nxf6 18. Ne5 Nxe5 19. dxe5 Ne4 20. 0-0-0 Bd7 21. Ng3 Nxg3 22. Rxg3 b5 23. Qg6 c4 24. axb5 a4 25. Rxd5 a3 26. Bxc4 axb2+ 27. Kd2 Bh4 28. Rg4 b1Q 29. Qxb1 exd5 30. Bxd5 Bxg4 31. Qg6 Raa7 32. Bxa7 Qxa7 33. Qxg4 Qf2+ 34. Kd3 Qf1+ 35. Qe2 Qxf4 36. Qf3 Kf8 37. Bxf7 Qxf7 38. Qa8+ Ke7 39. Qb7+ Ke8 40. Qa8+ Bd8 41. Qc6+ Qd7+ 42. Ke4 Qxc6+ 43. bxc6 Bc7 44. Kf5 Ke7 45. g4 Kf7 46. g5 hxg5 47. e6+ Ke7 48. Kxg5 Kxe6 49. h6 gxh6+ 1/2-1/2

[Event "Basel Swiss YM"]
[Site "Basel"]
[Date "2024.03.30"]
[Round "1"]
[White "Georgescu, Lena"]
[Black "Asllani, Dorian"]
[Result "1/2-1/2"]
[WhiteElo "2218"]
[BlackElo "2110"]
[PlyCount "46"]
[EventDate "2024.03.30"]
[EventType "tourn"]
[EventRounds "9"]
[EventCountry "SUI"]
[EventCategory "4"]
[SourceTitle "CB15_2024"]
[SourceDate "2024.04.10"]
[SourceVersion "1"]
[SourceVersionDate "2024.04.10"]
[SourceQuality "1"]

1. e4 c5 2. Nf3 Nf6 3. e5 Nd5 4. Nc3 e6 5. Ne4 f5 6. Nc3 Nb4 7. a3 N4c6 8. b4 cxb4 9. Nb5 d5 10. exd6 Bxd6 11. Bb2 0-0 12. Nxd6 Qxd6 13. Bc4 Nd7 14. 0-0 Nf6 15. Qe2 Re8 16. axb4 Qxb4 17. Bb3 Bd7 18. Rfe1 a5 19. Bc3 Qc5 20. Ne5 Nd4 21. Qd3 Nxb3 22. Nxd7 Nxd7 23. cxb3 Qd5 1/2-1/2

[Event "Basel Christmas op"]
[Site "Basel"]
[Date "2023.12.28"]
[Round "5"]
[White "Georgescu, Lena"]
[Black "Kern, Nicolas"]
[Result "1/2-1/2"]
[WhiteElo "2264"]
[BlackElo "2054"]
[PlyCount "58"]
[EventDate "2023.12.26"]
[EventType "swiss"]
[EventRounds "9"]
[EventCountry "SUI"]
[SourceTitle "CB02_2024"]
[SourceDate "2024.01.10"]
[SourceVersion "1"]
[SourceVersionDate "2024.01.10"]
[SourceQuality "1"]

1. e4 e5 2. Nf3 Nc6 3. Bb5 a6 4. Ba4 Nf6 5. 0-0 Nxe4 6. d4 Be7 7. Re1 b5 8. Rxe4 d5 9. Nxe5 Nxe5 10. Rxe5 bxa4 11. Nc3 0-0 12. Rxd5 Bd6 13. Bf4 Be6 14. Rxd6 cxd6 15. Nxa4 g5 16. Be3 d5 17. Nc5 Bf5 18. Qd2 f6 19. a4 Rf7 20. b4 h5 21. Qe2 Qd6 22. g3 h4 23. Qf3 Bg6 24. h3 Raa7 25. Qg4 Rfe7 26. Qc8+ Re8 27. Qg4 Ree7 28. Qc8+ Re8 29. Qg4 Ree7 1/2-1/2

[Event "EU-chT (Women) 24th"]
[Site "Budva"]
[Date "2023.11.17"]
[Round "6.2"]
[White "Kiolbasa, Oliwia"]
[Black "Georgescu, Lena"]
[Result "1-0"]
[WhiteElo "2371"]
[BlackElo "2284"]
[PlyCount "63"]
[EventDate "2023.11.11"]
[EventType "team-swiss"]
[EventRounds "9"]
[EventCountry "MNE"]
[SourceTitle "CB47_2023"]
[SourceDate "2023.11.22"]
[SourceVersion "1"]
[SourceVersionDate "2023.11.22"]
[SourceQuality "1"]
[WhiteTeam "Poland (W)"]
[BlackTeam "Switzerland (W)"]
[WhiteTeamCountry "POL"]
[BlackTeamCountry "SUI"]

1. e4 e5 2. Nf3 Nc6 3. Bc4 Bc5 4. c3 Nf6 5. d3 d6 6. 0-0 a5 7. Re1 0-0 8. h3 Ba7 9. Nbd2 Be6 10. Bb5 Ne7 11. d4 Ng6 12. Ba4 exd4 13. cxd4 d5 14. e5 Nh5 15. Nf1 Nhf4 16. Bxf4 Nxf4 17. Qd2 Ng6 18. Ng3 c6 19. Bc2 Qe7 20. a3 c5 21. Ng5 cxd4 22. Bd3 Bd7 23. f4 f6 24. Nxh7 Kxh7 25. Qd1 f5 26. Qh5+ Kg8 27. Qxg6 Qe6 28. Qg5 Rf7 29. Nh5 Kf8 30. g4 g6 31. Qh6+ Ke7 32. Ng7 1-0

[Event "EU-chT (Women) 24th"]
[Site "Budva"]
[Date "2023.11.14"]
[Round "4.2"]
[White "Mkrtchyan, Mariam"]
[Black "Georgescu, Lena"]
[Result "1-0"]
[WhiteElo "2347"]
[BlackElo "2284"]
[PlyCount "93"]
[EventDate "2023.11.11"]
[EventType "team-swiss"]
[EventRounds "9"]
[EventCountry "MNE"]
[SourceTitle "CB47_2023"]
[SourceDate "2023.11.22"]
[SourceVersion "1"]
[SourceVersionDate "2023.11.22"]
[SourceQuality "1"]
[WhiteTeam "Armenia (W)"]
[BlackTeam "Switzerland (W)"]
[WhiteTeamCountry "ARM"]
[BlackTeamCountry "SUI"]

1. d4 Nf6 2. c4 e6 3. Nf3 d5 4. Nc3 Bb4 5. Qa4+ Nc6 6. e3 0-0 7. Qc2 Ne7 8. Bd2 c5 9. a3 Bxc3 10. Bxc3 cxd4 11. Bxd4 Bd7 12. c5 Rc8 13. b4 Ne4 14. Bd3 f6 15. Nd2 Nxd2 16. Qxd2 e5 17. Bb2 b6 18. Rc1 Qe8 19. 0-0 bxc5 20. bxc5 Bb5 21. f4 e4 22. Bxb5 Qxb5 23. Bd4 Rb8 24. Qa2 Rfc8 25. Rb1 Qa4 26. h3 Qc4 27. Qxc4 dxc4 28. Rxb8 Rxb8 29. Rc1 Rb3 30. Rxc4 Nc6 31. Ra4 a5 32. f5 Kf7 33. Kf2 Ke7 34. g4 Kf7 35. h4 h6 36. Ke2 Rb1 37. Bc3 Rb5 38. Rc4 Rb3 39. a4 Ra3 40. Kd2 Ra2+ 41. Kd1 h5 42. Rxe4 hxg4 43. Rxg4 Rh2 44. Re4 Rf2 45. Re6 Ne5 46. c6 Rf1+ 47. Kc2 1-0

[Event "SUI-chT"]
[Site "Switzerland"]
[Date "2023.08.27"]
[Round "7.8"]
[White "Georgescu, Lena"]
[Black "Naarden, Amindo"]
[Result "1/2-1/2"]
[WhiteElo "2285"]
[BlackElo "1991"]
[PlyCount "132"]
[EventDate "2023.04.16"]
[EventType "team-tourn"]
[EventRounds "9"]
[EventCountry "SUI"]
[SourceTitle "EXT 2024"]
[Source "ChessBase"]
[SourceDate "2023.10.10"]
[SourceVersion "1"]
[SourceVersionDate "2023.10.10"]
[SourceQuality "1"]
[WhiteTeam "Winterthur"]
[BlackTeam "Luzern"]
[WhiteTeamCountry "SUI"]
[BlackTeamCountry "SUI"]

1. e4 b6 2. d4 Bb7 3. Bd3 e6 4. Nh3 c5 5. d5 exd5 6. exd5 Bxd5 7. Nf4 Qe7+ 8. Be2 Bb7 9. 0-0 Qd6 10. Bd2 Nc6 11. Bf3 0-0-0 12. Nc3 Nd4 13. Bxb7+ Kxb7 14. a4 a6 15. b4 cxb4 16. Ncd5 Nc6 17. Qf3 Nf6 18. Bxb4 Nxb4 19. Nxb4+ Ka7 20. Rab1 Qe5 21. a5 Qe4 22. axb6+ Kb7 23. Qxe4+ Nxe4 24. Rb2 Bc5 25. Nbd3 Bd6 26. Nd5 Rhe8 27. Ne3 Re6 28. Nc4 Bc5 29. Na5+ Kb8 30. Nxc5 Nxc5 31. b7 Rde8 32. g3 Kc7 33. Rfb1 Re1+ 34. Rxe1 Rxe1+ 35. Kg2 Re8 36. Rb4 Rb8 37. Rg4 g6 38. Rf4 f5 39. g4 fxg4 40. Rf7 h5 41. Rf6 Ne6 42. Kg3 Rf8 43. Rxf8 Nxf8 44. Kf4 Ne6+ 45. Ke5 Nc5 46. Kf6 Ne4+ 47. Kxg6 h4 48. Kh5 g3 49. fxg3 hxg3 50. hxg3 Nxg3+ 51. Kg4 Ne4 52. Kf4 Nc5 53. Ke5 Nxb7 54. Nc4 Kc6 55. Kd4 d6 56. Na3 Nc5 57. Kc4 a5 58. Kd4 Ne6+ 59. Kc4 d5+ 60. Kb3 Kc5 61. c3 Nf4 62. Nc2 Ne2 63. Ne3 Nxc3 64. Kxc3 d4+ 65. Kd3 dxe3 66. Kxe3 Kc4 1/2-1/2

[Event "SUI-ch Rapid"]
[Site "Biel"]
[Date "2023.07.30"]
[Round "8"]
[White "Patuzzo, Fabrizio"]
[Black "Georgescu, Lena"]
[Result "1/2-1/2"]
[WhiteElo "2290"]
[BlackElo "2317"]
[PlyCount "56"]
[EventDate "2023.07.30"]
[EventType "swiss (rapid)"]
[EventRounds "9"]
[EventCountry "SUI"]
[SourceTitle "CBM 215 Extra"]
[Source "ChessBase"]
[SourceDate "2023.09.30"]
[SourceVersion "1"]
[SourceVersionDate "2023.09.30"]
[SourceQuality "1"]

1. d4 Nf6 2. Nf3 d5 3. c4 e6 4. g3 Bb4+ 5. Bd2 Be7 6. Bg2 0-0 7. Qc2 c6 8. 0-0 Nbd7 9. Bf4 b6 10. Rd1 Bb7 11. Ne5 Nh5 12. Nxd7 Qxd7 13. Be3 Nf6 14. Bg5 h6 15. Bxf6 Bxf6 16. cxd5 cxd5 17. Nc3 Rfc8 18. Rac1 Rc4 19. e3 Rac8 20. Bf1 R4c7 21. Qb3 Bc6 22. Ba6 Bb7 23. Bxb7 Rxb7 24. Ne2 Rbb8 25. Rxc8+ Rxc8 26. Rc1 Rxc1+ 27. Nxc1 Qc6 28. Nd3 Qc4 1/2-1/2

[Event "SUI-ch 122nd"]
[Site "Leukerbad"]
[Date "2023.07.19"]
[Round "5"]
[White "Loetscher, Roland"]
[Black "Georgescu, Lena"]
[Result "1-0"]
[WhiteElo "2386"]
[BlackElo "2317"]
[PlyCount "93"]
[EventDate "2023.07.15"]
[EventType "tourn"]
[EventRounds "9"]
[EventCountry "SUI"]
[EventCategory "5"]
[SourceTitle "CBM 215 Extra"]
[Source "ChessBase"]
[SourceDate "2023.09.30"]
[SourceVersion "1"]
[SourceVersionDate "2023.09.30"]
[SourceQuality "1"]

1. c4 Nf6 2. g3 e6 3. Bg2 d5 4. Nf3 Be7 5. 0-0 0-0 6. d4 c6 7. b3 Nbd7 8. Nc3 b6 9. Nd2 Bb7 10. e4 dxe4 11. Ndxe4 Nxe4 12. Bxe4 Nf6 13. Bg2 Qd7 14. Be3 Rfd8 15. Qe2 Rac8 16. Rfd1 h6 17. Rac1 Ba3 18. Rc2 Bb4 19. Bf3 Qe7 20. Na4 Ba6 21. Nb2 Bd6 22. Nd3 Bb7 23. Rcd2 Ba8 24. Bg2 Nd7 25. c5 Bb8 26. f4 Nf6 27. Bf2 Nd5 28. Rc1 Bb7 29. Ne5 Bc7 30. h4 bxc5 31. dxc5 Ba5 32. Rd4 Bb4 33. Bxd5 Ba3 34. Bxe6 Qxe6 35. Rxd8+ Rxd8 36. Rd1 Rd5 37. Rxd5 Qxd5 38. Qc4 Bb2 39. Qxd5 cxd5 40. c6 Ba6 41. Bxa7 d4 42. c7 Kf8 43. b4 Ke7 44. b5 Bb7 45. Kf2 f6 46. Nc4 Bc1 47. Bxd4 1-0

[Event "SUI-ch 122nd"]
[Site "Leukerbad"]
[Date "2023.07.16"]
[Round "2"]
[White "Georgescu, Lena"]
[Black "Gallagher, Joseph G"]
[Result "0-1"]
[WhiteElo "2317"]
[BlackElo "2432"]
[PlyCount "96"]
[EventDate "2023.07.15"]
[EventType "tourn"]
[EventRounds "9"]
[EventCountry "SUI"]
[EventCategory "5"]
[SourceTitle "CBM 215 Extra"]
[Source "ChessBase"]
[SourceDate "2023.09.30"]
[SourceVersion "1"]
[SourceVersionDate "2023.09.30"]
[SourceQuality "1"]

1. e4 c5 2. Nf3 e6 3. d4 cxd4 4. Nxd4 a6 5. c4 Nf6 6. Nc3 Qc7 7. a3 b6 8. f4 Bb7 9. Bd3 d6 10. 0-0 Nc6 11. Nf3 Be7 12. Be3 0-0 13. Qe2 Ng4 14. Bd2 Na5 15. h3 Nf6 16. Be1 Rac8 17. Nd2 Nd7 18. b4 Nc6 19. Nf3 Bf6 20. Qf2 Ne7 21. Rc1 Ng6 22. Bd2 Qb8 23. g3 Qa8 24. Rfe1 Bd8 25. Kh2 Bc7 26. Be3 Rfe8 27. Nd2 Bc6 28. Nb3 Rb8 29. Nd4 Bb7 30. Nb3 h6 31. Ra1 Bd8 32. Rac1 Ne7 33. g4 Ng6 34. Rf1 Bh4 35. Qc2 e5 36. f5 Nf4 37. Nd5 Rbc8 38. Qd2 b5 39. Na5 bxc4 40. Bxc4 Bxd5 41. Bxd5 Nxd5 42. exd5 Rxc1 43. Rxc1 e4 44. Nc6 Ne5 45. Nxe5 Rxe5 46. Rc6 Qb8 47. a4 Bg5 48. Rb6 Qxb6 0-1

[Event "SUI-chT"]
[Site "Switzerland"]
[Date "2023.06.25"]
[Round "5.5"]
[White "Georgescu, Lena"]
[Black "Asllani, Dorian"]
[Result "1/2-1/2"]
[WhiteElo "2285"]
[BlackElo "2293"]
[PlyCount "63"]
[EventDate "2023.04.16"]
[EventType "team-tourn"]
[EventRounds "9"]
[EventCountry "SUI"]
[SourceTitle "EXT 2024"]
[Source "ChessBase"]
[SourceDate "2023.10.10"]
[SourceVersion "1"]
[SourceVersionDate "2023.10.10"]
[SourceQuality "1"]
[WhiteTeam "Winterthur"]
[BlackTeam "Nyon"]
[WhiteTeamCountry "SUI"]
[BlackTeamCountry "SUI"]

1. e4 c5 2. Nf3 Nc6 3. Bb5 g6 4. Bxc6 dxc6 5. d3 Bg7 6. h3 e5 7. 0-0 f6 8. a3 Nh6 9. Be3 b6 10. b4 cxb4 11. axb4 0-0 12. c4 Nf7 13. Nc3 f5 14. b5 f4 15. Bc1 c5 16. Nd5 h5 17. Nh2 Ng5 18. f3 Ne6 19. Rf2 g5 20. Rfa2 Rf7 21. Bb2 Nf8 22. Bc3 Ng6 23. Rf2 Bf8 24. Ra4 Bd6 25. Kf1 Rb8 26. Ke1 Rbb7 27. Qe2 Bb8 28. Kd1 Rg7 29. Kc2 Rbf7 30. Ra1 Be6 31. Rff1 Qd7 32. Rh1 1/2-1/2

[Event "Basel Swiss YM"]
[Site "Basel"]
[Date "2023.04.13"]
[Round "7"]
[White "Georgescu, Lena"]
[Black "Riehle, Marco"]
[Result "1-0"]
[WhiteElo "2285"]
[BlackElo "2356"]
[PlyCount "113"]
[EventDate "2023.04.07"]
[EventType "tourn"]
[EventRounds "9"]
[EventCountry "SUI"]
[EventCategory "6"]
[SourceTitle "CBM 213 Extra"]
[Source "ChessBase"]
[SourceDate "2023.05.31"]
[SourceVersion "1"]
[SourceVersionDate "2023.05.31"]
[SourceQuality "1"]

1. e4 e5 2. Nf3 Nc6 3. Bb5 a6 4. Ba4 Nf6 5. 0-0 Be7 6. Re1 b5 7. Bb3 0-0 8. a4 Bb7 9. d3 d6 10. h3 Na5 11. Ba2 c5 12. Nbd2 Bc8 13. Nf1 Be6 14. Ng3 b4 15. c3 b3 16. Bb1 Qc7 17. d4 c4 18. Be3 h6 19. Nh4 Nh7 20. Nhf5 Bg5 21. Qd2 Bxe3 22. Qxe3 Nb7 23. Nh5 Bxf5 24. exf5 f6 25. Be4 Qf7 26. dxe5 fxe5 27. Rad1 Qxh5 28. Bxb7 Rad8 29. Bd5+ Kh8 30. Bxc4 Qxf5 31. Bxa6 d5 32. Bf1 Ng5 33. a5 Rf6 34. f3 Rg6 35. Kh2 d4 36. cxd4 exd4 37. Rxd4 Rxd4 38. Qxd4 Qc2 39. Re2 Qc7+ 40. Qe5 Qc1 41. Re1 Qd2 42. Qe2 Qf4+ 43. Kh1 Re6 44. Qd1 Rd6 45. Qxb3 Rd8 46. Qe3 Qb4 47. a6 Qa5 48. f4 Nh7 49. Qc3 Qa4 50. Qc7 Rf8 51. a7 Qb4 52. Rd1 Nf6 53. Rd8 Ne4 54. Rxf8+ Kh7 55. Rh8+ Kg6 56. Qc6+ Kh5 57. Qxe4 1-0

[Event "SUI-chT"]
[Site "Switzerland"]
[Date "2023.04.01"]
[Round "7.3"]
[White "Gaehwiler, Gabriel"]
[Black "Georgescu, Lena"]
[Result "1/2-1/2"]
[WhiteElo "2404"]
[BlackElo "2285"]
[PlyCount "37"]
[EventDate "2022.05.01"]
[EventType "team-tourn"]
[EventRounds "9"]
[EventCountry "SUI"]
[SourceTitle "EXT 2024"]
[Source "ChessBase"]
[SourceDate "2023.10.10"]
[SourceVersion "1"]
[SourceVersionDate "2023.10.10"]
[SourceQuality "1"]
[WhiteTeam "Winterthur"]
[BlackTeam "Kirchberg"]
[WhiteTeamCountry "SUI"]
[BlackTeamCountry "SUI"]

1. d4 Nf6 2. Nf3 d5 3. c4 e6 4. g3 Bb4+ 5. Nbd2 dxc4 6. a3 Bxd2+ 7. Bxd2 a6 8. Bg2 b5 9. Ne5 Ra7 10. Bb4 Bb7 11. Bxb7 Rxb7 12. 0-0 c6 13. b3 a5 14. Bc5 Ne4 15. bxc4 Nxc5 16. dxc5 Qxd1 17. Rfxd1 f6 18. Nf3 bxc4 19. Rac1 1/2-1/2

[Event "Olympiad Women-44"]
[Site "Chennai"]
[Date "2022.08.05"]
[Round "7.1"]
[White "Karavade, Eesha"]
[Black "Georgescu, Lena"]
[Result "1-0"]
[WhiteElo "2339"]
[BlackElo "2279"]
[PlyCount "67"]
[EventDate "2022.07.29"]
[EventType "team-swiss"]
[EventRounds "11"]
[EventCountry "IND"]
[SourceTitle "CBM 210"]
[Source "ChessBase"]
[SourceDate "2022.10.31"]
[SourceVersion "1"]
[SourceVersionDate "2022.10.31"]
[SourceQuality "1"]
[WhiteTeam "India (W) III"]
[BlackTeam "Switzerland (W)"]
[WhiteTeamCountry "IND"]
[BlackTeamCountry "SUI"]

1. d4 Nf6 2. c4 e6 3. g3 d5 4. Bg2 Bb4+ 5. Nd2 0-0 6. Ngf3 b6 7. 0-0 Bb7 8. a3 Be7 9. cxd5 exd5 10. b4 c6 11. Bb2 a5 12. Qb3 Nbd7 13. Ne5 Nxe5 14. dxe5 Nd7 15. e4 d4 16. Bxd4 axb4 17. axb4 Nxe5 18. Rxa8 Bxa8 19. Bxe5 Qxd2 20. Bc3 Qd7 21. Rd1 Qc8 22. e5 Rd8 23. Rxd8+ Bxd8 24. Qc4 Bb7 25. h4 Be7 26. Qe4 b5 27. Kh2 Qe6 28. Bh3 Qa2 29. Qd4 Bf8 30. Bg2 Qe6 31. Qb6 Qc4 32. Bd2 Qc2 33. Be3 Bc8 34. Qd8 1-0

[Event "Olympiad Women-44"]
[Site "Chennai"]
[Date "2022.08.01"]
[Round "4.1"]
[White "Georgescu, Lena"]
[Black "Mezioud, Amina"]
[Result "1-0"]
[WhiteElo "2279"]
[BlackElo "2024"]
[PlyCount "121"]
[EventDate "2022.07.29"]
[EventType "team-swiss"]
[EventRounds "11"]
[EventCountry "IND"]
[SourceTitle "CBM 210"]
[Source "ChessBase"]
[SourceDate "2022.10.31"]
[SourceVersion "1"]
[SourceVersionDate "2022.10.31"]
[SourceQuality "1"]
[WhiteTeam "Switzerland (W)"]
[BlackTeam "Algeria (W)"]
[WhiteTeamCountry "SUI"]
[BlackTeamCountry "ALG"]

1. e4 e5 2. Nf3 Nc6 3. Bb5 a6 4. Ba4 b5 5. Bb3 Bc5 6. c3 Bb6 7. d4 exd4 8. cxd4 d6 9. h3 Nf6 10. 0-0 0-0 11. Nc3 Na5 12. Bc2 h6 13. e5 dxe5 14. dxe5 Qxd1 15. Rxd1 Nd7 16. Bf4 Rb8 17. b4 Nc4 18. a4 Re8 19. a5 Ba7 20. e6 fxe6 21. Bxc7 Rb7 22. Bg3 Nf6 23. Ne5 Bb8 24. Nxc4 bxc4 25. Bxb8 Rxb8 26. Ba4 Rf8 27. b5 axb5 28. Bxb5 Nd5 29. Nxd5 Rxb5 30. Ne3 c3 31. Rdc1 Rb3 32. Nd1 Ba6 33. Rxc3 Rxc3 34. Nxc3 Rf5 35. f3 Kf8 36. Kf2 Ke7 37. Ne4 Rd5 38. Ra3 Rb5 39. g4 Rd5 40. Ke3 Kd7 41. h4 Ke7 42. h5 e5 43. Ng3 Kf6 44. Nf5 Rc5 45. Kf2 Kf7 46. Ra2 g6 47. hxg6+ Kxg6 48. Rd2 Rxa5 49. Rd6+ Kg5 50. Kg3 h5 51. Nh4 Bd3 52. Rxd3 hxg4 53. fxg4 e4 54. Rc3 Rd5 55. Ng2 Rb5 56. Ne3 Re5 57. Rc4 Ra5 58. Rxe4 Rb5 59. Rd4 Rb3 60. Kf3 Kh4 61. Rd5 1-0

[Event "SUI-chT"]
[Site "Switzerland"]
[Date "2022.05.01"]
[Round "1.5"]
[White "Maeser, Fabian"]
[Black "Georgescu, Lena"]
[Result "1-0"]
[WhiteElo "2281"]
[BlackElo "2278"]
[PlyCount "93"]
[EventDate "2022.05.01"]
[EventType "team-tourn"]
[EventRounds "9"]
[EventCountry "SUI"]
[SourceTitle "EXT 2023"]
[Source "ChessBase"]
[SourceDate "2022.10.05"]
[SourceVersion "1"]
[SourceVersionDate "2022.10.05"]
[SourceQuality "1"]
[WhiteTeam "Wollishofen"]
[BlackTeam "Winterthur"]
[WhiteTeamCountry "SUI"]
[BlackTeamCountry "SUI"]

1. e4 c5 2. Nf3 d6 3. Bb5+ Nd7 4. c3 Ngf6 5. Qe2 a6 6. Ba4 b5 7. Bc2 Bb7 8. d4 e6 9. 0-0 Be7 10. Re1 0-0 11. e5 Nd5 12. Qd3 g6 13. Bh6 Re8 14. Nbd2 cxd4 15. exd6 Bxd6 16. Ne4 Bf8 17. Bxf8 Rxf8 18. Qxd4 Qe7 19. Bb3 Rfd8 20. Neg5 Qf6 21. Qxf6 N5xf6 22. Nxf7 Kxf7 23. Ng5+ Kg7 24. Nxe6+ Kh8 25. Nxd8 Rxd8 26. Rad1 Rf8 27. Re7 Nc5 28. f3 Ba8 29. Bf7 Nh5 30. Bd5 Rd8 31. Bb3 Rf8 32. Bd5 Rd8 33. Bb3 Rf8 34. Ra7 Nf4 35. Rf7 Rxf7 36. Bxf7 Kg7 37. Bb3 Nfd3 38. Rd2 Bc6 39. Bd1 Nf4 40. Rd6 Be8 41. g3 Nh3+ 42. Kg2 Ng5 43. b4 Nf7 44. Rb6 Nd3 45. Rxa6 Nfe5 46. Be2 Nc1 47. Re6 1-0